| 000 | 00543nam a2200193 a 4500 | ||
|---|---|---|---|
| 005 | 20240626063651.0 | ||
| 008 | 991125s1965 mx 000 0 spa u | ||
| 035 | _aUPN01000001167 | ||
| 049 | _aCG | ||
| 050 | 4 |
_aLB2000 _bA43 1965 |
|
| 245 | 0 | 0 |
_aAgenda del maestro 1965 / _c[comp.] Julio Rubio Villagrán. |
| 250 | _a7a ed. | ||
| 260 |
_aMéxico : _bPorrúa, _c1965. |
||
| 300 | _a670 p. | ||
| 520 | _aDisponible en la Colección Medina | ||
| 650 | 4 |
_aMaestros _vManuales _9829 |
|
| 700 | 1 |
_aRubio Villagrán, Julio, _ecomp. |
|
| 905 | _aLibro | ||
| 999 |
_c1167 _d1167 |
||